[Event "ch-USA w 2021"]
[Site "Saint Louis USA"]
[Date "2021.10.13"]
[Round "7.2"]
[White "Lee, Megan"]
[Black "Paikidze, Nazi"]
[Result "1-0"]
[WhiteElo "2211"]
[BlackElo "2374"]
[PlyCount "129"]
[EventDate "2021.??.??"]

1. e4 g6 2. d4 Bg7 3. Nf3 d6 4. Be3 Nd7 5. Nc3 a6 6. a4 b6 7. Bc4 e6 8. Qd2 Bb7
9. Bg5 Ndf6 10. Qe2 h6 11. Bh4 g5 12. Bg3 Nh5 13. O-O-O Ne7 14. Ne1 Nxg3 15.
hxg3 Qd7 16. d5 exd5 17. Nxd5 Bxd5 18. Bxd5 Nxd5 19. exd5+ Kf8 20. Qe4 Re8 21.
Qc4 b5 22. axb5 axb5 23. Qb3 Ra8 24. Nd3 Bf6 25. f3 Kg7 26. g4 c5 27. dxc6 Qxc6
28. c3 Qb6 29. Kc2 Rac8 30. Nb4 Be5 31. Nd5 Qa7 32. Rd2 Rb8 33. Re1 Rhc8 34.
Re4 Kh7 35. Nb4 Rc5 36. Nd3 Rc4 37. Rxc4 bxc4 38. Qxc4 Bf6 39. Nb4 Qa4+ 40. Qb3
Qe8 41. Rxd6 Be5 42. Rd1 Bf4 43. Kb1 Kg8 44. Qc2 Ra8 45. Nd5 Be5 46. Qe4 Rb8
47. Rd2 Kg7 48. Re2 f6 49. Nxf6 Qd8 50. Nh5+ Kg8 51. Qg6+ Kh8 52. Qxh6+ Kg8 53.
Qe6+ Kh7 54. Kc2 Qa5 55. Qf5+ $6 ({Fairly simple is} 55. Rxe5 Qa4+ 56. Kd2
Rxb2+ (56... Rd8+ 57. Rd5) 57. Ke3 Qa7+ 58. Kd3 {, and all useful checks for
Black are expended.}) 55... Kh6 56. Rxe5 $4 {Here we must ask, why is Black
playing on? If it's just to drag on in a losing position down four(!) pawns,
then what is the point? If, however, it is to take advantage of opportunity,
now is the time.} Qa4+ $4 ({If you are enjoying playing the game, seeking to
make the best choice in every position, this is not such a difficult problem.} 
56... Rxb2+ $3 57. Kxb2 Qxc3+ $3 58. Kb1 Qb2+ 59. Kxb2 {stalemate.}) 57. Kc1
Qa1+ 58. Qb1 Qa6 59. Ng3 Rd8 60. Nf5+ Kh7 61. Nd6+ Kh8 62. Nf7+ Kg7 63. Nxd8
Qf1+ 64. Kc2 Qf2+ 65. Kd3 1-0

[Event "2021 Norman Friedman Memorial"]
[Site "Garden City, ID"]
[Date "2021.10.10"]
[Round "5"]
[White "Pentico, Christopher"]
[Black "Jablonski, Chase"]
[Result "0-1"]
[WhiteElo "1488"]
[BlackElo "1213"]
[Annotator "Ralph Dubisch"]
[PlyCount "82"]
[EventDate "2021.10.08"]
[EventType "swiss"]
[EventRounds "5"]
[EventCountry "USA"]

{[%evp 0,82,19,38,40,46,70,70,58,62,51,21,33,0,1,7,17,6,5,2,4,-15,0,-85,-90,
-69,-123,-182,-141,-191,-96,-95,153,153,507,454,507,473,440,455,479,570,588,
588,875,973,990,558,554,388,1660,319,325,369,389,242,430,226,228,238,267,164,
173,174,210,228,256,262,330,-349,-359,-378,-368,-392,-369,-356,-341,-438,-401,
-612,-613,-2385,-3099,-29995,-29996] Here's an example of the power of not
resigning. Being lost is not the end of the world. Losing the game isn't
either. Both sides attack with gusto, and in the end one must come out the
winner. The key question is not who won, but did they have fun? I think that
both players must have enjoyed this game.^^I'm going to include some computer
evaluation numbers in this game, something I normally avoid, just to show the
size of the advantages each side had.} 1. e4 c5 2. Nc3 d6 3. d4 cxd4 4. Qxd4
Nc6 5. Qd2 Nf6 6. b3 e6 7. Bb2 Be7 8. O-O-O O-O 9. Be2 Qb6 10. Rf1 $6 (10. Nh3
Rd8 {is roughly equal.}) 10... Rd8 11. Na4 $6 Qc7 12. Bd3 d5 13. Qe3 a6 (13...
d4 14. Qg3 e5 {looks great for Black.}) 14. e5 Ng4 (14... d4 $1 15. Bxd4 (15.
Qg3 Nd5) 15... Nxd4 16. exf6 Bxf6 {and White has big problems.}) 15. Qh3 Bg5+
$2 ({A significant swing in evaluation:} 15... Nh6 {. Stockfish says -3.0 here,
or nearly winning for Black. ...d4 and ...b5 are coming, and White's pieces
clog up while Black's queenside attack flows naturally -- not to mention the
hanging center pawn.}) 16. f4 Ncxe5 $5 ({Likely "best" is} 16... Bh6 17. Qxg4 {
and White is up a piece. Black chooses a bigger disadvantage, but decidedly
more murky waters.}) 17. Qxh7+ Kf8 18. Ba3+ Ke8 19. fxg5 b5 20. Nc5 Qa5 21. Bb2
Nf2 22. Bxe5 {Stockfish says +11.5 here for White.} Qa3+ 23. Bb2 Qxc5 24. Nh3
Nxh1 25. Qh8+ ({Clean and devastating is} 25. Rxf7 $3 Kxf7 (25... Qe3+ 26. Kd1)
26. Qxg7+ Ke8 27. Bg6#) (25. g6 {and}) (25. Qxg7 {also score over +10.}) 25...
Qf8 26. Qh7 d4 27. Qe4 Qe7 28. Kb1 Bb7 {Black finally completes development.}
29. Qe2 e5 30. Be4 Bxe4 31. Qxe4 Rac8 32. Rxh1 Qc7 33. Qh7 d3 34. Qg8+ $4 ({
The last big swing; White's attack goes nowhere. Better, and possibly still
winning for White, is} 34. cxd3 Qc2+ 35. Ka1 Qxd3 36. Qxd3 Rxd3 37. Bxe5 $16 {
. It's still exciting, with black rooks reaching the second rank and lots of
pawns to gobble up for both sides.}) 34... Ke7 35. Ba3+ Ke6 36. Nf4+ exf4 37.
Re1+ Kf5 38. Qh7+ g6 39. Qh3+ Kxg5 40. Be7+ Qxe7 41. Rxe7 dxc2+ 0-1

[Event "2021 Norman Friedman Memorial"]
[Site "Garden City, ID"]
[Date "2021.10.09"]
[Round "2"]
[White "Pitre, H.G...."]
[Black "Roland, Jeffrey T"]
[Result "1-0"]
[WhiteElo "1844"]
[BlackElo "1700"]
[Annotator "Ralph Dubisch"]
[PlyCount "49"]
[EventDate "2021.10.08"]
[EventType "swiss"]
[EventRounds "5"]
[EventCountry "USA"]

{[%evp 0,49,19,38,43,18,28,11,-4,-32,-51,-42,-36,-38,-41,-62,-73,-68,-64,-52,
-44,-91,11,8,17,-5,30,11,42,19,77,71,81,89,94,86,86,106,102,90,94,87,110,134,
107,133,136,140,155,155,144,138]} 1. e4 e6 2. d4 d5 3. e5 c5 4. f4 $6 (4. c3
Nc6 5. Nf3 {is mainline theory, and now} Bd7 (5... Qb6 6. a3 c4 {is also
interesting.}) 6. Be2 (6. a3 $5) 6... Nge7 7. Na3 cxd4 8. cxd4 (8. Nb5 Nf5)
8... Nf5 {is roughly equal.}) 4... Bd7 5. Nf3 cxd4 6. Bd3 Bc5 7. a3 a5 8. Nbd2
Nc6 9. O-O Nh6 10. Nb3 Be7 $2 ({Virtually all of the black pieces are focused
on the d4-square, which incidentally is currently occupied by a black pawn.} 
10... Bb6 {(or ...Ba7) makes much more logical sense. Black has some hopes of
hanging onto the extra pawn.} 11. a4 f6 (11... O-O 12. Ng5 $13) 12. exf6 Qxf6
$15) 11. Nbxd4 O-O 12. Kh1 Nxd4 13. Nxd4 f6 14. Nf3 f5 $6 (14... Be8 $14) 15.
Be3 Ng4 $6 16. Bd4 b6 17. h3 Nh6 18. c4 Bc6 19. Qb3 Rb8 20. Rad1 Qd7 21. cxd5
Bxd5 22. Bc4 Rfc8 $2 (22... a4 23. Qa2 Bxc4 24. Qxc4 Rfc8 25. Qa2 Qc6 $16) 23.
Bxd5 Qxd5 24. Qxd5 exd5 25. e6 $16 ({Is White better? Yes, of course.
Stockfish claims about +2.0 after 25.e6, but prefers} 25. Bg1 {, claiming
closer to +3.0.^^So, why did Black resign? Respect. Too much respect, in fact.
You can't win by resigning. Sure, you're worse, but play on! Find a plan,
activate those passive pieces. Pressure the pawns on b2 and e6, perhaps.
Probably you're right, you'll lose anyway. But maybe not. Maybe you'll have
some fun!}) 1-0

[Event "Oregon Class Championship"]
[Site "?"]
[Date "2021.11.07"]
[Round "5"]
[White "Tang, Austin"]
[Black "Vega, Isaac"]
[Result "0-1"]
[WhiteElo "2018"]
[BlackElo "1985"]
[Annotator "Wilson Gibbins"]
[PlyCount "76"]
[EventDate "2021.??.??"]

{[%evp 0,76,28,20,34,32,52,24,41,27,79,37,55,63,41,70,52,17,14,16,47,39,39,31,
31,43,43,34,84,74,96,96,86,60,56,81,98,98,98,92,90,15,15,15,38,38,45,0,0,0,0,0,
0,0,0,0,0,-16,-29,-40,-38,-63,-85,-63,-63,-187,-79,-86,-63,-128,-93,-1431,
-1443,-1443,-355,-920,-929,-944,-941]} 1. e4 c5 2. Nf3 e6 3. d4 cxd4 4. Nxd4 a6
5. Bd3 ({Isaac's Kan Sicilian may look innocuous. But for the unsuspecting it
can be quite dangerous, as evidenced by this game from the States Cup last
summer.} 5. Nc3 Qc7 6. Be3 Bb4 7. a3 Bxc3+ {0-1 (7) Mexia,V -Vega,I. Perhaps
White should have played on for the sake of the team, but 8.bxc3 Qxc3+ 9.Ke2 
(best) doesn't look like much fun.}) 5... Bc5 6. Nb3 Ba7 7. O-O Nc6 8. Qe2 d6
9. Be3 Nge7 10. Bxa7 Rxa7 11. c4 O-O 12. Nc3 b6 13. f4 f5 14. Rad1 Rd7 {
Austin has been playing sensible chess aimed at the center. Isaac has been
playing mad scientist moves (10...Rxa7, 13...f5). For all you true believers
in classical chess out there, Stockfish claims a big advantage for White, over
+2. But there is still a lot of chess to play, and Isaac's position has what
Tartakower called "malignant" energy.} 15. exf5 exf5 16. Nd5 {White is still
better, but this move solves some of Black's problems, as it allows him to
trade pieces in a cramped poistion, and it eliminates one of Black's
weaknesses, the pawn on d6 that was backward on an open file.} Nxd5 17. cxd5
Re7 18. Qd2 Nb8 19. Nd4 g6 20. Bc4 b5 21. Bb3 Qb6 22. Kh1 Nd7 23. Ne6 Rfe8 24.
Rc1 Nf6 25. Rc6 Ne4 26. Qc2 Qb8 27. Nc7 Rf8 28. Nxa6 $2 {This reasonable
looking pawn grab backfires.} ({White's safest approach is to aim for a draw
by repetition with} 28. Ne6 Rfe8 29. Nc7) 28... Bxa6 29. Rxa6 Rfe8 $1 {After
playing in a cramped hypermodern style for most of the game, Black suddenly
discovers the virtues of open files and well-placed knights.} 30. g3 Nc5 31.
Rc6 Re2 32. Qc3 Ne4 33. Qd4 Nd2 34. Rf2 R8e4 35. Qc3 Rxf2 36. Rc8+ Kf7 37. Rc7+
Qxc7 38. Qxc7+ Re7 0-1

[Event "Oregon Class Championships"]
[Site "?"]
[Date "2021.11.07"]
[Round "5"]
[White "Morris, Mike"]
[Black "Tang, Zoey"]
[Result "0-1"]
[WhiteElo "2022"]
[BlackElo "2215"]
[Annotator "Wilson Gibbins"]
[PlyCount "52"]
[EventDate "2021.??.??"]

{[%evp 0,52,19,38,40,41,66,66,57,33,33,27,42,-1,58,46,45,56,45,12,35,13,40,-13,
1,-44,-8,-10,-7,0,2,-31,2,-17,-17,-50,-22,-296,-334,-313,-303,-303,-308,-533,
-287,-304,-406,-406,-406,-406,-287,-544,-544,-772,-772]} 1. e4 c5 2. Nf3 d6 3.
d4 cxd4 4. Nxd4 Nf6 5. Nc3 Nc6 6. g3 $5 {This tricky little move tests both
White's and Black's knowledge of multiple Sicilian varations.} Bg4 $5 {This
looks artificial, but it may be the best alternative, especially if Black is
willing to transpose to a Dragon Yugoslav attack.} (6... e5 {helps justify
White's finachetto, as White was trying to gain control over the d5 square and
6...e5 makes it harder for Black to contest it.} 7. Nde2) (6... g6 {switches
to a Dragon variation, where White can try to turn the game into a positional
squeeze with} 7. Nde2 {Black better know some theory to avoid getting
outplayed.}) (6... e6 {enters a Scheveningen line that might look innocuous
for Black, but Mike has used this line to create some vicious Kingside attacks
against me in the G15 tournament that Dave Murray runs every Thursday night
for the Portland Chess Club.}) 7. f3 Bd7 ({You might be tempted to win a pawn
with} 7... Nxd4 $2 8. Qxd4 Bxf3 {but after} 9. Bb5+ Nd7 10. Rf1 Bg4 (10... Bg2
11. Rf2 Bh3 12. Qd5 Be6 (12... e6 $2 13. Qh5) 13. Qxb7 {Stockfish likes White
to the tune of +2 in this unbalanced position.}) 11. e5) 8. Be3 g6 $5 {Now
Zoey tests Mike - how comfortable are you in a Dragon Yugoslav attack? Or as
Dirty Harry might say, "Do you feel lucky?"} 9. Bg2 (9. Qd2 Bg7 10. O-O-O O-O
11. Bc4 {leads us to that Yugoslav attack that I mentioned earlier, with the
small exception that White's pawn is on g3, not g2. But both sides had
alternatives along the way. Black didn't have to castle into the attack on
move 10, and White didn't need to play 11.Bc4 to stop Black's d6-d5 pawn break.
} ({So perhaps} 11. g4 {is a better try for an advantage.})) 9... Bg7 10. O-O
h5 $5 (10... O-O {If Black castles short, the king doesn't face the usual
troubles encountered in the Yugoslav attack or the 6.g3 Scheveningen for that
matter. But Zoey's move is fine too, as the king is fairly safe in the center,
and it its more interesting than the more conventional approach of castling.})
11. Qd2 (11. h3 $1 h4 $2 (11... Na5) 12. g4 $14) 11... h4 12. Rfe1 (12. g4 $2
h3 $1 $15) 12... Ne5 13. b3 Kf8 14. Rad1 {Black has made some provocative
moves, but White has no easy way to open the position to get at Black's king.}
(14. f4 $2 Neg4 $15) 14... Qa5 15. Nde2 Nc6 16. g4 h3 17. Bf1 $2 {This is a
more natural square for the Bishop than h1, but White needs to keep the pawn
on f3 protected as we shall soon see.} Rc8 $1 $17 18. a4 $2 {discouraging
Black rushing the b-pawn to b4 to drive the knight away from c3. White's
position look fairly compact, and seems safe enough.} Ne5 $1 $19 19. Kf2 Nfxg4+
20. fxg4 Nxg4+ 21. Kg3 Nxe3 {To demonstrate how overwhelming Black's position
is, this move is clearly winning, yet only Stockfish's 7th(!) choice.} 22. Qxe3
Bxc3 23. Nxc3 Rxc3 24. Bd3 Qe5+ 25. Kf3 Rh4 26. Rg1 Bc6 0-1

[Event "Oregon Class Championship"]
[Site "?"]
[Date "2021.11.06"]
[Round "3"]
[White "Murray, David"]
[Black "Sherrard, Jerry"]
[Result "0-1"]
[WhiteElo "1878"]
[BlackElo "1981"]
[Annotator "Jerry Sherrard"]
[PlyCount "106"]
[EventDate "2021.??.??"]

{[%mdl 8192] D00: 1 d4 d5: Unusual lines} 1. d4 Nf6 2. Nf3 g6 3. Nc3 d5 4. Bf4
c5 5. dxc5 Qa5 6. e3 Nc6 $146 (6... Qxc5) 7. Bb5 Bg7 8. Be5 O-O 9. Bxc6 bxc6
10. Qd4 Ne8 11. Bxg7 Nxg7 12. b4 Qa3 13. Rb1 a5 14. Rb3 Qc1+ 15. Qd1 Qxd1+ 16.
Kxd1 axb4 (16... Bg4 17. a3 $16) 17. Rxb4 Ra5 (17... Ne6 $5 18. Ne5 Nxc5 19.
Nxc6 e6 $16) 18. Nd4 $18 Bd7 19. Nb3 Ra7 (19... Ra3 20. Ra4 Ra8 21. Rxa8+ Rxa8
22. a4 $18) 20. Kd2 e5 21. a4 Ne6 22. a5 f5 (22... Kg7 23. Na4 $18) 23. Na4 (
23. f4 $1 d4 24. exd4 Nxf4 25. dxe5 g5 $18) 23... f4 24. e4 (24. Nb6 $1 fxe3+
25. fxe3 Rf2+ 26. Kc1 Be8 $18) 24... Ng5 25. exd5 cxd5 26. f3 $4 (26. Ra1 $142
$1 f3 27. g3 $18) 26... e4 $14 27. h4 $6 (27. Ke2 $142 $5 Bc8 28. c6 exf3+ 29.
gxf3 Re7+ 30. Kd1 Nxf3 31. Nb6 $11) 27... exf3 $1 $15 28. gxf3 Nxf3+ 29. Ke2
Ne5 30. Rd4 $4 (30. Nb6 $142 $5 Bg4+ 31. Kf2 $17) 30... f3+ (30... Bb5+ $142 {
and Black has it in the bag} 31. Kf2 Ng4+ 32. Kg2 Ne3+ 33. Kf3 Nxc2 $19) 31.
Kf2 Ng4+ (31... h5 $19) 32. Rxg4 $17 Bxg4 33. Re1 $2 (33. Nc3 Bf5 34. Rc1 Be4
$17) 33... Bf5 (33... Rf4 34. Nb6 Bh5 35. Nxd5 Rxh4 36. Nf6+ Kg7 37. Nxh5+ Rxh5
38. Kxf3 Rf7+ 39. Kg4 $19) 34. Rc1 $2 (34. Nb6 $142 $5 Be4 35. c6 $17) 34...
Be4 35. Nc3 Rf4 (35... Rb8 $142 36. Ra1 Rb4 $19) 36. Kg3 $4 (36. Nb5 $142 Ra6
37. N3d4 Rxh4 38. Kg3 $19) 36... Raf7 37. a6 (37. Kf2 Rxh4 38. Nd2 Rh2+ 39. Ke3
d4+ 40. Kxe4 Rxd2 $19) 37... h5 (37... f2 $142 38. Nd2 f1=N+ 39. Rxf1 Rxf1 40.
Ncxe4 Rg1+ 41. Kh2 Ra1 $19) 38. Ra1 (38. Kf2 Rxh4 39. Nd2 $19) 38... f2 39.
Nxe4 (39. Nd2 Rg4+ 40. Kh2 Rxh4+ 41. Kg3 Rg4+ 42. Kh2 Rg2+ 43. Kh3 Rg1 $19)
39... Rg4+ 40. Kh2 Rxe4 (40... dxe4 41. c6 Rxh4+ 42. Kg2 Rg4+ 43. Kh2 $19) 41.
Nd2 (41. Rf1 Rxh4+ 42. Kg3 Rg4+ 43. Kh2 Ra4 $19) 41... Rxh4+ (41... Re1 42. Ra2
Rd1 $19) 42. Kg2 Rg4+ 43. Kh2 Rd4 44. Nf1 Ra7 45. Kg2 Rc4 46. Kxf2 (46. Ra5 Rf4
$19) 46... Rxc2+ 47. Ke3 Rxc5 48. Kd4 Rb5 49. Ne3 Rb6 50. Nxd5 (50. Kxd5 Rbxa6
51. Rc1 Kg7 $19) 50... Rbxa6 51. Rf1 (51. Rg1 Re6 $19) 51... Re6 (51... Rd7
$142 52. Kc4 $19) 52. Rb1 (52. Rg1 $19) 52... Rd7 53. Kc4 Rc6+ (53... Rc6+ 54.
Kd4 Rcd6 $19) 0-1

[Event "Oregon Class Championship"]
[Site "?"]
[Date "2021.11.07"]
[Round "5"]
[White "Vemparala, Nikash"]
[Black "Sherrard, Jerry"]
[Result "0-1"]
[WhiteElo "1780"]
[BlackElo "1981"]
[Annotator "Jerry Sherrard"]
[PlyCount "156"]
[EventDate "2021.??.??"]

{[%mdl 8192][%evp 0,156,23,48,46,35,77,47,78,45,45,45,45,27,40,23,31,-3,-7,-21,
-23,-35,-34,-71,-38,-31,-27,-34,-2,-30,17,-21,5,-49,-62,-103,-101,-114,-50,-80,
-33,-29,-30,-48,-35,-37,-35,-52,-54,-55,-54,-66,-21,-47,-21,-30,-36,-35,-28,
-31,-35,-41,-16,-7,8,-19,-5,12,15,7,11,11,21,24,37,19,0,18,15,9,21,22,43,44,47,
-2,2,0,0,0,27,28,37,23,26,0,-6,0,0,0,0,0,31,13,7,-38,-24,-16,-14,-80,-53,-87,
-91,-129,-120,-151,-147,-147,-172,-179,-179,-195,-194,-221,-246,-258,-247,-256,
-252,-296,-307,-307,-307,-300,-300,-299,-299,-374,-430,-471,-514,-719,-719,
-947,-1012,-1022,-1032,-1269,-1697,-29977,-29980,-29985,-29986,-29987,-29988,
-29989,-29990,-29991,-29992] B51: Sicilian: Moscow Variation (3 Bb5+) without
3...Bd7} 1. e4 c5 2. Nf3 d6 3. Bb5+ Nd7 4. O-O a6 5. Be2 Ngf6 6. d3 g6 7. Re1
Bg7 8. c3 b5 9. Bf1 Bb7 10. Nbd2 O-O 11. d4 cxd4 12. cxd4 Qb6 13. b3 $146 (13.
a4 e6 $11) 13... Rac8 (13... d5 14. e5 Ne4 15. Qe2 $11) 14. Bb2 (14. a4 e6 (
14... bxa4 15. Rxa4 $14) 15. Bb2) 14... e6 15. h3 Nh5 (15... Rfd8 16. Rb1) 16.
g3 $2 (16. a4 $142 $5 $14 Rfd8 17. axb5 axb5 18. b4) 16... e5 $1 $15 17. dxe5
$2 (17. a4 $142) 17... dxe5 $19 18. Kg2 Rfd8 $15 (18... f5 $1 19. b4 Bh6 20.
Qb3+ Rf7 21. Rad1 $19) 19. b4 Qd6 $6 (19... Qe6 $5 20. Kg1 Bf8 $17) 20. Qb3 $11
Nb6 21. Rad1 Qe7 22. a3 Rc7 $6 (22... Bh6 $5 {[%cal Rh5g7,Rg7e8,Re8d6]} 23. Kg1
Ng7) 23. Qe3 $1 Na4 24. Ba1 Rdc8 25. Kh2 (25. Nb3 Qe6 26. Ng5 Qe7 $11) 25...
Re8 $6 (25... Rc2 $5 {[%cal Ra4c3]} 26. Qb3 Bh6 $11) 26. Bd3 (26. Rc1 Rxc1 27.
Rxc1 Rc8 $14) 26... Qe6 27. Rc1 Rec8 28. Rxc7 Rxc7 29. Ng5 (29. Bb1) 29... Qa2
$6 (29... Qb6 30. Qxb6 Nxb6 31. Nb3 $11) 30. Be2 $1 h6 31. Ngf3 Qe6 32. Bf1 (
32. Bd1 Bc8 $11) 32... Qe7 (32... Rc2 33. Kg1 $11) 33. Kg1 Kh7 34. Nb3 Qd6 35.
Rc1 Rxc1 36. Nxc1 Qc6 (36... Nb6 $11) 37. Bxe5 (37. Nxe5 $14) 37... Qxe4 38.
Qxe4 Bxe4 39. Bxg7 Nxg7 (39... Kxg7) 40. Ne5 Nc3 $6 (40... Kg8 $1 41. f3 Bb7
42. Kf2 $11) 41. Nb3 (41. Nxf7 $5 Nb1 42. Nd6 $14) (41. Ncd3 $1) 41... Ne6 $11
42. Nd2 f5 43. Nxe4 Nxe4 44. Nd7 Nd6 45. Nc5 Nc7 (45... Nxc5 46. bxc5 Ne8 47.
f4 $11) 46. Bg2 (46. f4 g5 $16) 46... Kg7 $11 47. Kf1 Kf6 48. Ke2 Ke5 49. Kd3
Nc4 50. Bb7 a5 51. bxa5 Nxa5 52. Bg2 Nc4 53. a4 $2 (53. Kc3 $142 $1 Nd5+ 54.
Kb3 $11) 53... Nb2+ $17 54. Kc3 Nxa4+ 55. Nxa4 $4 (55. Kb4 $142 Nb2 56. Bf3 $19
) 55... bxa4 $19 56. Kb4 (56. Bc6 Nd5+ 57. Kb2 $19) 56... Nd5+ 57. Kxa4 (57.
Kc4 Nf6 58. h4 Ne4 59. f4+ Ke6 $19) 57... Nc3+ 58. Kb3 (58. Kb4 Ne4 59. Kc4
Nxf2 $19) 58... Ne4 59. f4+ (59. Kc2 Nxf2 60. Kd2 Ne4+ 61. Ke2 Nxg3+ 62. Kf3
Ne4 $19) 59... Kd4 60. g4 Ke3 61. gxf5 (61. Kc4 fxg4 62. hxg4 Kxf4 $19) 61...
gxf5 62. Kc2 (62. Kc4 Kxf4 63. Kd5 $19) 62... Kxf4 63. Kd3 Nf2+ 64. Ke2 Kg3 65.
Bb7 Nxh3 66. Bc8 Kg4 67. Kf1 (67. Bb7 h5 68. Bc8 $19) 67... Ng5 (67... h5 $142
68. Bb7 Kg3 69. Ke2 $19) 68. Kg2 h5 69. Bd7 h4 70. Bc8 Kf4 (70... h3+ $142 71.
Kh2 Nf3+ 72. Kh1 Nd2 $19) 71. Ba6 (71. Kg1 $19) 71... Ke3 72. Bb7 (72. Kf1 f4
73. Kg2 f3+ 74. Kh2 Kf2 75. Bc4 Ke1 76. Ba6 f2 77. Kg2 h3+ 78. Kh2 f1=Q 79.
Bxf1 Kxf1 80. Kg3 Ke1 81. Kh2 Kf2 82. Kh1 Kg3 83. Kg1 Ne4 84. Kf1 h2 85. Ke2
h1=Q 86. Ke3 Qh6+ 87. Kxe4 Qd6 88. Kf5 Kf3 89. Kg5 Qe6 90. Kh5 Kf4 91. Kh4 Qg4#
) 72... f4 73. Bc8 (73. Ba6 f3+ 74. Kh2 Kf2 75. Bb7 Ke1 76. Ba6 f2 77. Kg2 h3+
78. Kh2 f1=Q 79. Bxf1 Kxf1 80. Kg3 Ke2 81. Kh2 Kf2 82. Kh1 Kg3 83. Kg1 Ne4 84.
Kf1 h2 85. Ke2 h1=Q 86. Ke3 Ng5 87. Kd2 Qc6 88. Kd3 Nf3 89. Ke3 Qd5 90. Ke2
Qd2+ 91. Kf1 Qd1#) 73... f3+ 74. Kf1 (74. Kh2 f2 75. Ba6 Ne6 76. Bf1 Nf4 77.
Kh1 Kd2 78. Kh2 Ke1 79. Bc4 Ne2 80. Bxe2 Kxe2 81. Kh3 f1=Q+ 82. Kg4 Qf6 83. Kh5
Ke3 84. Kg4 Qg6+ 85. Kxh4 Kf4 86. Kh3 Qg3#) 74... h3 75. Kg1 (75. Bb7 h2 76.
Bxf3 Kxf3 77. Ke1 Ke3 78. Kd1 Kd3 79. Kc1 h1=Q+ 80. Kb2 Qb7+ 81. Ka1 Kc3 82.
Ka2 Qb2#) 75... f2+ 76. Kf1 Ne4 77. Bxh3 Nd2+ 78. Kg2 f1=Q+ (78... f1=Q+ 79.
Kg3 Qf4+ 80. Kg2 Nf1 81. Bg4 Qf2+ 82. Kh3 Qh2#) 0-1

[Event "Oregon Class Championships"]
[Site "?"]
[Date "2021.11.06"]
[Round "2"]
[White "Jensen, Conner"]
[Black "Smokowski, Jose"]
[Result "1-0"]
[WhiteElo "1456"]
[BlackElo "1650"]
[Annotator "Wilson Gibbins"]
[PlyCount "55"]

{[%evp 0,55,19,29,46,35,40,33,10,-3,-10,10,-7,2,12,-6,6,-35,9,-8,13,26,23,11,
101,61,101,6,29,16,32,25,44,39,64,71,308,313,282,294,308,308,308,265,394,264,
273,258,274,258,266,236,248,229,252,144,209,211]} 1. e4 e6 2. d4 d5 3. e5 c5 4.
c3 Nc6 5. Nf3 Qb6 6. a3 a5 7. a4 {This move is rarely played, but it seems
logical. It secures the b5 square for White's knight.} Bd7 8. Be2 Nge7 ({
Black should consider playing} 8... cxd4 {to secure the b4 square for his
knight.}) 9. O-O Nf5 10. g4 Nfe7 11. Na3 ({Stockfish likes} 11. dxc5 Qc7 (11...
Qxc5 12. Be3) 12. Na3 Nxe5 13. Nxe5 Qxe5 14. f4 {Stockfish is probably right,
but Black's center pawns and White's open kingside and would make me worry
about entering this line as White.}) 11... h5 12. Nb5 Ng6 13. g5 {Seems best
to keep the Kingside closed.} ({Naturally Stockfish prefers the seemingly
anti-positional} 13. gxh5 Rxh5) 13... Na7 ({Stockfish says it is time to get
Black's King into safety with} 13... cxd4 14. cxd4 Bb4 15. Bd2 O-O {but if
that were the case, then why did Black advance the h-pawn? Oh, I forgot
engines now love advancing rook pawns, and if they lose them, so much the
better :-)}) 14. Nxa7 $16 Qxa7 15. Be3 h4 16. h3 Ne7 $2 (16... cxd4 17. Nxd4
Qb8 18. f4 $16) 17. dxc5 Nf5 18. c6 $1 Nxe3 19. cxd7+ Kxd7 20. fxe3 Qxe3+ 21.
Kg2 Qf4 22. Qe1 Bc5 23. Bb5+ Ke7 24. Kh1 Rac8 25. Bd3 Rh5 26. Qe2 g6 27. Qd2
Qg3 28. Qh2 1-0